| 000 | 00523nam a2200181Ia 4500 | ||
|---|---|---|---|
| 003 | GCL | ||
| 008 | 140319s9999 xx 000 0 eng d | ||
| 040 |
_aGCL / _cGCL |
||
| 082 | 0 | 4 |
_aREF _b443.1 _bS A |
| 100 | 1 | _aSOUHEIL , IDRISS | |
| 245 | 1 | 0 |
_aAL-MANHAL DICTIONNAIRE FRANCAIS - ARABE / _cSOUHEIL , IDRISS |
| 260 |
_aبيروت : _bDAR ALADAB ، _c1994 |
||
| 300 |
_a24 CM ؛ _c1098 P |
||
| 650 | 0 | 4 | _aFRENCH LANGUAGE - DICTIONARY |
| 650 | 0 | 4 | _aENCYCLOPEDIAS AND DICTIONARIES |
| 650 | 0 | 4 | _aLANGUAGES |
| 942 |
_2ddc _cCA3 |
||
| 999 |
_c26225 _d26225 |
||